000 00623nam a2200217Ia 4500
003 OSt
005 20230607092504.0
008 210423s1988 xx 000 0 und d
040 _cAL
041 _aeng
082 _a361.3
_223
_bTISS
100 _aTATA INSTITUTE OF SOCIAL SCIENCE
_9121023
245 _aStandards for assessment of quality in social work education
260 _aMumbai
_bTISS
_c1988
300 _bPB
365 _cINR
650 _aSocial Problems & Services
_9121024
650 _aSocial Work
_9121025
906 _aassessment ; education ; quality ; social ; Standards ; work
942 _2ddc
_cBK
999 _c174937
_d174937